| 000 | 02695nam a2200289 c 4500 | ||
|---|---|---|---|
| 003 | DO-SdBNP | ||
| 005 | 20250702114918.0 | ||
| 007 | ta | ||
| 008 | 250702b2024 dr a|||j |||| 00| 0 spa d | ||
| 020 | _a9789945803280 | ||
| 040 |
_aDO-SdBNP _bspa _cBNPHU _erda |
||
| 082 |
_axxxx _bA728 _222 |
||
| 100 | 1 |
_aArmenteros, Marilyn _eautora _4aut. _986992 |
|
| 245 | 1 | 0 |
_aDon Sin Cola : _by otros cuentos / _cMarilyn Armenteros ; ilustraciones, Paloma Velásquez |
| 250 | _aPrimera edición | ||
| 264 |
_aSanto Domingo : _bEditora Amigos del Hogar, _c2024. |
||
| 300 |
_a46 páginas _c20 cm. |
||
| 336 |
_atexto _btxt _2rdacontent |
||
| 337 |
_asin mediación _bn _2rdamedia |
||
| 338 |
_avolumen _bnc _2rdacarrier |
||
| 500 | _aIncluye datos biografícos de la autora en la contracubierta. | ||
| 520 | _aEl gracioso libro Don Sin Cola, que hoy presentamos a su consideración, es una expresión tangible de ese talento que Marilyn no había descubierto. Nació como la ejecución de una tarea de carácter libre asignada al final de un curso de actualización ortográfica, y así se reveló la capacidad narrativa de esta autora. Marilyn Armenteros —que ingresa gozosa al mágico universo de la literatura infantil y juvenil— nos sorprende con una prosa ágil, fresca y amena para disfrute no solo de quienes atraviesan por los estadios a quienes van dirigidos sus cuentos, sino también de los que ya estamos enfundados en un cuerpo adulto pero conservamos la mirada y la atención en esa tierna criatura interna que nos acompañará de por vida. En este libro los personajes y roles están bien definidos y la narración cumple con el propósito de mantener la atención del lector en todo su trayecto y presentar un final interesante en cada uno de los cuentos: una duda, en Don Sin Cola, para que el lector la disipe, porque las protagonistas aún se preguntan si resultaron vencedoras o vencidas; una solución saludable frente a la incomprensión de los demás, sin necesidad de juzgarlos, en ¿Cuentos de niños o cosas de adultos?, y una atinada lección en el cuento Paseo al zoológico, que recuerda que no todos los animales peligrosos son grandes ni están enjaulados. Especial ternura despierta el final de Mi primera mascota, y particularmente, el de El carro de la Barbie, en que la protagonista descubre —por intuición femenina innata—la vía más expedita para llegar al corazón de un padre derretido y lograr su objetivo de recibir los dos regalos de cumpleaños a que aspiraba, en vez de uno, como pretendía su progenitor. | ||
| 590 | _aInventariado, 2025/ YL | ||
| 700 | 1 |
_aVelásquez, Paloma _e ilustrador _4il. _988231 |
|
| 910 | _aYLockward | ||
| 942 |
_2ddc _cLF2 |
||
| 999 |
_c58136 _d58136 |
||